00686nam a22001817a 4500008004100000020001800041050002000059100001900079245011200098250001100210260005100221300002700272500002000299650001700319942003200336999001700368952011900385220222b |||||||| |||| 00| 0 eng d a9780716760221 aQA 36 .D48 1994 aDevlin, Keith, aMathematics, the science of patterns: the sarch for order in life, mind, and the universe /cDevlin, Keith. a2nd ed aNew York:bScientific American Library,c1997. aix,306p. :bill.c26cm aincludes index. aMathematics. 2lcccBOOKShQA 36 .D48 1994 c31095d31095 00102lcc4070aMUCbMUCcGENd2022-02-22eDmaris Mwinzil0oQA 36.D48 1994p23748r2022-02-22w2022-02-22yBOOKS